Subdivisions de la Polynésie française sur une carte - Statistiques

Statistiques générales
  • Ce quiz a été pris 141 fois
  • Le résultat moyen est 4 sur 5
Réponses sur la Carte
Les réponses sont colorées sur une échelle allant du rouge au vert en fonction du pourcentage des utilisateurs qui les ont devinées à leur premier essai. Vous pouvez retrouver ces pourcentages ci-dessous.
 
Statistiques - réponses
Subdivision % Correct
Îles {Marquises}
88%
Îles {Sous}-{le}-{Vent}
83%
Îles {Tuamotu}-{Gambier}
75%
Îles du {Vent}
72%
Îles {Australes}
68%
Aucun quiz correspondant
Distribution des résultats
% des personnes avec chaque résultat
Percentile par nombre de réponses
Votre historique - résultats
Vous n’avez pas pris ce quiz